[Event "Mitropa Cup Women 2019"]
[Site "Radenci"]
[Date "2019.06.02"]
[Round "7.1"]
[White "Navrotescu, Andreea-Cristiana"]
[Black "Pychova, Nela"]
[Result "0-1"]
[WhiteElo "2233"]
[BlackElo "2174"]
[Annotator "TA"]
[PlyCount "112"]
[EventDate "2019.05.27"]
[EventType "team-tourn"]
[EventCountry "SLO"]
[SourceTitle "playchess.com"]
[Source "ChessBase"]
[SourceQuality "1"]
[WhiteTeam "France"]
[BlackTeam "Czech Republic"]
[WhiteTeamCountry "FRA"]
[BlackTeamCountry "CZE"]

{[%evp 9,112,0,7,-21,-11,-14,26,29,27,13,8,8,8,4,0,0,0,0,0,0,0,-16,-6,-13,-9,-8,0,0,0,0,0,0,0,0,0,-14,0,-22,0,-45,-21,-16,-10,-17,-7,0,14,14,24,0,35,22,65,37,36,26,79,41,87,87,56,20,32,21,59,70,74,69,452,425,218,-43,-38,-122,-23,-23,-30,-61,-38,-38,-39,-38,-35,-35,-35,-35,-35,-35,-35,-718,-709,-637,-611,-667,-638,-525,-526,-661,-574,-29970,-29971,-29978,0,-576,-522]} 1. c4 e5 2. g3 c6 3. d4 e4 4. d5 (4. Nc3 Bb4 5. Qb3 a5 6. Bf4 d5 7. e3 Nf6 8. a3 Bxc3+ 9. Qxc3 O-O 10. Ne2 h6 11. c5 {0-1 (27) Naiditsch,A (2734)-Anton Guijarro,D (2642) Caleta 2019}) 4... cxd5 5. cxd5 Nf6 6. Nc3 {A20: English Opening: 1...e5} Bb4 7. Bd2 Bxc3 $146 ({Predecessor:} 7... O-O 8. Bg2 Re8 9. Nh3 d6 10. O-O Bf5 11. Nf4 {0-1 (40) Schrancz,I (2381)-Schuster,P (2434) LSS email 2009}) 8. Bxc3 {White has an edge.} d6 9. Bg2 O-O 10. Nh3 Re8 11. O-O Nbd7 12. Nf4 Ne5 13. f3 exf3 14. exf3 b6 15. Qb3 Ba6 {next ...Bc4 is good for Black.} 16. Rfe1 h6 17. Rad1 Bc4 18. Qa3 a5 19. b3 Ba6 20. Qb2 Qc7 21. Rc1 {aiming for Bxe5.} Qb8 22. Red1 Ra7 23. Rc2 Rae7 24. Rcd2 Qd8 25. Bd4 Qc7 26. Qc2 Qxc2 27. Rxc2 Nfd7 28. h4 Nc5 29. Rc3 g6 30. a3 Bb7 31. b4 axb4 32. axb4 Ncd7 (32... Na6 $11) 33. Rc7 Ba6 34. Ra1 $36 {[%mdl 2048] White is on the roll.} Bb5 35. Raa7 Kf8 $1 36. g4 Bc4 37. g5 hxg5 $1 38. hxg5 b5 $2 {[%mdl 8192]} (38... Nb8 $14) 39. Kf2 $18 Nb8 {[#]} (39... Rd8 {was necessary.} 40. Bh3 Nxf3 41. Kxf3 Ne5+ 42. Bxe5 Rxc7 43. Bg7+ (43. Rxc7 dxe5 44. Ng2 Bxd5+ 45. Ke3 Bxg2 $16) 43... Kxg7 44. Rxc7 Kg8) 40. Bxe5 $2 (40. Bb6 $1 $18) 40... dxe5 $15 41. Ne2 (41. d6 $15 Rxc7 {[#]} 42. Nxg6+ $1 {[%mdl 512]} fxg6 43. dxc7) 41... Bxd5 (41... Rxc7 $17 42. Rxc7 Na6) 42. Nc3 $11 Bc4 43. Ne4 {Threatens to win with Rxe7.} Rxc7 {[%mdl 64] Overworked Piece} 44. Rxc7 Na6 $1 {[%csl LRb4,LRc7]} 45. Rb7 Rb8 46. Rxb8+ Nxb8 $15 {[%mdl 4096] Endgame KBN-KBN} 47. Nd6 Ke7 48. Nxc4 bxc4 {[%cal Bb5c4,Bc4c3][%mdl 32] KB-KN} 49. Bf1 $2 {[%mdl 8192]} (49. Ke3 $15) 49... c3 $19 {Hoping for ...c2.} 50. Ke3 Nc6 51. b5 Nd4 52. b6 Kd6 53. Bg2 Ne6 54. Kd3 Nf4+ {[%mdl 64] Double Attack} 55. Ke3 Ne6 $2 (55... Nxg2+ {mates} 56. Kd3 Ne1+ 57. Kxc3 Nxf3 58. Kc4 Nxg5 59. Kb5 Ne6 60. Ka6 Kc6 61. Ka5 e4 62. b7 Kxb7 63. Kb4 f5 64. Kc4 f4 65. Kc3 e3 66. Kd3 Kb6 67. Ke2 Nd4+ 68. Kf1 f3 69. Kg1 Nc2 70. Kh2 e2 71. Kh3 e1=Q 72. Kg4 Qe3 73. Kg3 f2+ 74. Kg2 Nd4 75. Kh2 Qf4+ 76. Kh3 f1=Q#) 56. b7 $2 {[%mdl 8192]} (56. Kd3 $11 {and White has nothing to worry.}) 56... Kc7 {Accuracy: White = 30%, Black = 46%.} 0-1

[Event "Mitropa Cup Women 2019"]
[Site "Radenci"]
[Date "2019.06.02"]
[Round "7.2"]
[White "Nemcova, Karin"]
[Black "Afraoui, Anaelle"]
[Result "1-0"]
[WhiteElo "1947"]
[BlackElo "2068"]
[Annotator "NA"]
[PlyCount "77"]
[EventDate "2019.05.27"]
[EventType "team-tourn"]
[EventCountry "SLO"]
[SourceTitle "playchess.com"]
[Source "ChessBase"]
[SourceQuality "1"]
[WhiteTeam "Czech Republic"]
[BlackTeam "France"]
[WhiteTeamCountry "CZE"]
[BlackTeamCountry "FRA"]
[TimeControl "40/5400+30:1800+30"]

1. e4 {[%emt 0:00:00]} c5 {[%emt 0:00:00]} 2. Nc3 {[%emt 0:00:00]} Nc6 {[%emt 0:00:04]} 3. Bb5 {[%emt 0:00:00]} Nd4 {[%emt 0:03:12]} 4. Nf3 {[%emt 0:00:00]} a6 {[%emt 0:02:45]} 5. Bd3 {[%emt 0:00:15]} g6 {[%emt 0:03:27]} 6. Nxd4 {[%emt 0:01:21]} cxd4 {[%emt 0:00:09]} 7. Ne2 {[%emt 0:00:14]} Bg7 {[%emt 0:00:14]} 8. c3 {[%emt 0:00:37]} dxc3 {[%emt 0:04:24]} 9. dxc3 {[%emt 0:00:09]} Nf6 {[%emt 0:01:08]} 10. O-O {[%emt 0:05:47]} O-O {[%emt 0:02:09]} 11. Bg5 {[%emt 0:03:27]} h6 {[%emt 0:05:33]} 12. Bh4 {[%emt 0:00:57]} d6 {[%emt 0:04:43]} 13. h3 {[%emt 0:04:31]} Bd7 {[%emt 0:06:19]} 14. Qc2 {[%emt 0:02:50]} Rc8 {[%emt 0:03:39]} 15. Kh1 {[%emt 0:07:07]} b5 {[%emt 0:07:36]} 16. a4 {[%emt 0:01:30]} bxa4 {[%emt 0:04:36]} 17. Bxa6 {[%emt 0:02:55]} Rb8 {[%emt 0:02:21]} 18. Bd3 {[%emt 0:11:20]} Qb6 {[%emt 0:01:40]} 19. Rab1 {[%emt 0:00:46]} Qb7 {[%emt 0:04:11]} 20. f4 {[%emt 0:13:07]} Bc6 {[%emt 0:03:15]} 21. Bxf6 {[%emt 0:04:58]} Bxf6 {[%emt 0:00:50]} 22. Nd4 {[%emt 0:01:01]} Bd7 {[%emt 0:02:08]} 23. Qe2 {[%emt 0:04:37]} Bg7 {[%emt 0:05:01]} 24. f5 {[%emt 0:03:34]} Bf6 {[%emt 0:10:10]} 25. Rf3 {[%emt 0:08:38]} g5 {[%emt 0:01:29]} 26. Re3 {[%emt 0:04:36]} Be5 {[%emt 0:05:25]} 27. h4 {[%emt 0:03:48]} a3 {[%emt 0:01:34]} 28. b4 {[%emt 0:02:27]} Kg7 {[%emt 0:02:18]} 29. Bc4 {[%emt 0:03:22]} Be8 {[%emt 0:10:17]} 30. hxg5 {[%emt 0:01:25]} hxg5 {[%emt 0:02:58]} 31. Rh3 {[%emt 0:05:24]} Rh8 {[%emt 0:00:05]} 32. Rxh8 {[%emt 0:00:11]} Kxh8 {[%emt 0:00:04]} 33. Qh5+ {[%emt 0:00:11]} Kg8 {[%emt 0:00:02]} 34. Qxg5+ {[%emt 0:02:48]} Kf8 {[%emt 0:00:09]} 35. Qh6+ {[%emt 0:00:48]} Kg8 {[%emt 0:00:51]} 36. Ne6 {[%emt 0:02:10]} Bf6 {[%emt 0:02:34]} 37. Ng5 {[%emt 0:00:44]} Qxe4 {[%emt 0:00:39]} 38. Nxe4 {[%emt 0:00:12]} Bg7 {[%emt 0:00:02]} 39. Qg5 {[%emt 0:00:17]} 1-0

[Event "Mitropa Cup Women 2019"]
[Site "Radenci"]
[Date "2019.06.02"]
[Round "7.3"]
[White "Choisy, Mathilde"]
[Black "Koubova, Anna Marie"]
[Result "1/2-1/2"]
[WhiteElo "2113"]
[BlackElo "1975"]
[Annotator "ChessBase"]
[PlyCount "81"]
[EventDate "2019.05.27"]
[EventType "team-tourn"]
[EventCountry "SLO"]
[SourceTitle "playchess.com"]
[Source "ChessBase"]
[SourceQuality "1"]
[WhiteTeam "France"]
[BlackTeam "Czech Republic"]
[WhiteTeamCountry "FRA"]
[BlackTeamCountry "CZE"]
[TimeControl "40/5400+30:1800+30"]

1. e4 {[%emt 0:00:00]} c5 {[%emt 0:00:00]} 2. Nf3 {[%emt 0:00:00]} e6 {[%emt 0:00:00]} 3. d4 {[%emt 0:00:18]} cxd4 {[%emt 0:00:00]} 4. Nxd4 {[%emt 0:00:03]} Nf6 {[%emt 0:00:02]} 5. Nc3 {[%emt 0:00:10]} Nc6 {[%emt 0:00:11]} 6. Nxc6 {[%emt 0:01:34]} bxc6 {[%emt 0:00:08]} 7. e5 {[%emt 0:00:06]} Nd5 {[%emt 0:00:08]} 8. Ne4 {[%emt 0:00:07]} Qc7 {[%emt 0:00:10]} 9. f4 {[%emt 0:00:12]} Qb6 {[%emt 0:00:20]} 10. c4 {[%emt 0:00:59]} Bb4+ {[%emt 0:00:07]} 11. Ke2 {[%emt 0:00:36]} f5 {[%emt 0:00:21]} 12. exf6 {[%emt 0:04:41]} Nxf6 {[%emt 0:00:14]} 13. Be3 {[%emt 0:00:22]} Qd8 {[%emt 0:09:13]} 14. Nd6+ {[%emt 0:01:17]} Bxd6 {[%emt 0:00:43]} 15. Qxd6 {[%emt 0:00:05]} c5 {[%emt 0:26:57]} 16. Rd1 {[%emt 0:02:57]} Bb7 {[%emt 0:01:46]} 17. Qxc5 {[%emt 0:00:49]} Bc6 {[%emt 0:02:04]} 18. Rg1 {[%emt 0:21:20]} Rc8 {[%emt 0:11:16]} 19. Qe5 {[%emt 0:07:42]} O-O {[%emt 0:16:11]} 20. g4 {[%emt 0:02:30]} Bb7 {[%emt 0:03:00]} 21. g5 {[%emt 0:17:36]} Ne4 {[%emt 0:20:35]} 22. Bh3 {[%emt 0:02:02]} Re8 {[%emt 0:00:12]} 23. Rd4 {[%emt 0:15:40]} Qc7 {[%emt 0:03:29]} 24. Qxc7 {[%emt 0:01:32]} Rxc7 {[%emt 0:00:06]} 25. Bg2 {[%emt 0:02:09]} Nc5 {[%emt 0:01:29]} 26. Rd2 {[%emt 0:03:28]} Bxg2 {[%emt 0:01:11]} 27. Rxg2 {[%emt 0:00:09]} a5 {[%emt 0:00:40]} 28. Kf3 {[%emt 0:02:20]} a4 {[%emt 0:01:29]} 29. Rg1 {[%emt 0:04:50]} Rb8 {[%emt 0:00:41]} 30. Rc1 {[%emt 0:03:54]} Rb4 {[%emt 0:00:50]} 31. Bxc5 {[%emt 0:01:21]} Rxc5 {[%emt 0:00:04]} 32. Ke3 {[%emt 0:02:22]} d5 {[%emt 0:01:06]} 33. Rdc2 {[%emt 0:01:13]} dxc4 {[%emt 0:00:16]} 34. h4 {[%emt 0:01:07]} Rcb5 {[%emt 0:01:03]} 35. Rxc4 {[%emt 0:00:42]} Rxb2 {[%emt 0:00:39]} 36. Rxa4 {[%emt 0:00:30]} Rb7 {[%emt 0:00:15]} 37. Ra8+ {[%emt 0:01:01]} Kf7 {[%emt 0:00:33]} 38. h5 {[%emt 0:00:27]} Rh2 {[%emt 0:00:18]} 39. g6+ {[%emt 0:00:40]} hxg6 {[%emt 0:00:18]} 40. hxg6+ {[%emt 0:00:00]} Kxg6 {[%emt 0:00:00]} 41. Rg1+ {[%emt 0:11:50]} 1/2-1/2

[Event "Mitropa Cup Women 2019"]
[Site "Radenci"]
[Date "2019.06.02"]
[Round "7.4"]
[White "Pribylova, Sofie"]
[Black "Djidjeli, Sarah"]
[Result "1/2-1/2"]
[WhiteElo "2069"]
[BlackElo "2012"]
[Annotator "NA"]
[PlyCount "83"]
[EventDate "2019.05.27"]
[EventType "team-tourn"]
[EventCountry "SLO"]
[SourceTitle "playchess.com"]
[Source "ChessBase"]
[SourceQuality "1"]
[WhiteTeam "Czech Republic"]
[BlackTeam "France"]
[WhiteTeamCountry "CZE"]
[BlackTeamCountry "FRA"]
[TimeControl "40/5400+30:1800+30"]

1. e4 {[%emt 0:00:00]} c5 {[%emt 0:00:00]} 2. Nc3 {[%emt 0:00:00]} Nc6 {[%emt 0:00:00]} 3. Bb5 {[%emt 0:00:00]} Nd4 {[%emt 0:00:00]} 4. Bc4 {[%emt 0:00:00]} e6 {[%emt 0:00:23]} 5. Nge2 {[%emt 0:01:13]} Nf6 {[%emt 0:01:59]} 6. O-O {[%emt 0:10:28]} a6 {[%emt 0:04:37]} 7. a4 {[%emt 0:01:28]} Qc7 {[%emt 0:14:28]} 8. d3 {[%emt 0:02:47]} b6 {[%emt 0:06:31]} 9. Nxd4 {[%emt 0:06:03]} cxd4 {[%emt 0:00:08]} 10. Ne2 {[%emt 0:00:11]} Nxe4 {[%emt 0:02:28]} 11. Bxe6 {[%emt 0:07:56]} dxe6 {[%emt 0:03:04]} 12. dxe4 {[%emt 0:00:07]} e5 {[%emt 0:09:10]} 13. c3 {[%emt 0:12:08]} dxc3 {[%emt 0:01:01]} 14. Nxc3 {[%emt 0:00:04]} Be6 {[%emt 0:02:52]} 15. Nd5 {[%emt 0:05:12]} Bxd5 {[%emt 0:01:46]} 16. Qxd5 {[%emt 0:00:21]} Rd8 {[%emt 0:00:35]} 17. Qb3 {[%emt 0:00:34]} Bc5 {[%emt 0:02:48]} 18. Bg5 {[%emt 0:10:47]} Rd7 {[%emt 0:07:34]} 19. Rad1 {[%emt 0:01:29]} O-O {[%emt 0:02:08]} 20. Qg3 {[%emt 0:01:56]} Rxd1 {[%emt 0:09:18]} 21. Rxd1 {[%emt 0:00:30]} Qc6 {[%emt 0:00:56]} 22. Qg4 {[%emt 0:07:03]} h6 {[%emt 0:07:27]} 23. Bc1 {[%emt 0:00:46]} Bd4 {[%emt 0:02:13]} 24. h3 {[%emt 0:01:55]} Kh8 {[%emt 0:00:14]} 25. b3 {[%emt 0:08:58]} Qc2 {[%emt 0:00:29]} 26. Qf3 {[%emt 0:04:53]} Rc8 {[%emt 0:06:02]} 27. Rf1 {[%emt 0:03:31]} Rc6 {[%emt 0:00:41]} 28. Qxf7 {[%emt 0:03:35]} Rf6 {[%emt 0:00:09]} 29. Qe8+ {[%emt 0:02:10]} Kh7 {[%emt 0:00:05]} 30. Be3 {[%emt 0:01:24]} Bxe3 {[%emt 0:00:38]} 31. fxe3 {[%emt 0:00:04]} Rxf1+ {[%emt 0:02:25]} 32. Kxf1 {[%emt 0:00:04]} Qxe4 {[%emt 0:00:15]} 33. Qe6 {[%emt 0:03:19]} Qxe3 {[%emt 0:03:51]} 34. Qf5+ {[%emt 0:00:11]} Kg8 {[%emt 0:00:06]} 35. Qe6+ {[%emt 0:01:21]} Kf8 {[%emt 0:00:16]} 36. Qc8+ {[%emt 0:01:22]} Ke7 {[%emt 0:01:20]} 37. Qc7+ {[%emt 0:01:17]} Kf6 {[%emt 0:01:53]} 38. Qd6+ {[%emt 0:00:42]} Kf7 {[%emt 0:01:29]} 39. Qd7+ {[%emt 0:00:18]} Kf6 {[%emt 0:00:38]} 40. Qd6+ {[%emt 0:00:00]} Kg5 {[%emt 0:00:00]} 41. Qe7+ {[%emt 0:02:19]} Kg6 {[%emt 0:13:03]} 42. Qe6+ {[%emt 0:01:17]} 1/2-1/2

[Event "Mitropa Cup Women 2019"]
[Site "Radenci"]
[Date "2019.06.02"]
[Round "7.5"]
[White "Unuk, Laura"]
[Black "Motycakova, Monika"]
[Result "1-0"]
[WhiteElo "2265"]
[BlackElo "2150"]
[Annotator "ChessBase"]
[PlyCount "57"]
[EventDate "2019.05.27"]
[EventType "team-tourn"]
[EventCountry "SLO"]
[SourceTitle "playchess.com"]
[Source "ChessBase"]
[SourceQuality "1"]
[WhiteTeam "Slovenia"]
[BlackTeam "Slovakia"]
[WhiteTeamCountry "SLO"]
[BlackTeamCountry "SVK"]
[TimeControl "40/5400+30:1800+30"]

1. d4 {[%emt 0:00:00]} Nf6 {[%emt 0:00:00]} 2. c4 {[%emt 0:03:42]} e6 {[%emt 0:00:00]} 3. Nf3 {[%emt 0:00:11]} d5 {[%emt 0:00:00]} 4. g3 {[%emt 0:05:27]} dxc4 {[%emt 0:00:13]} 5. Bg2 {[%emt 0:00:24]} a6 {[%emt 0:00:23]} 6. Ne5 {[%emt 0:00:58]} Bb4+ {[%emt 0:00:19]} 7. Nc3 {[%emt 0:00:41]} Nd5 {[%emt 0:00:15]} 8. Bd2 {[%emt 0:00:04]} b5 {[%emt 0:00:17]} 9. a4 {[%emt 0:01:46]} Bxc3 {[%emt 0:07:46]} 10. bxc3 {[%emt 0:00:04]} Bb7 {[%emt 0:00:16]} 11. e4 {[%emt 0:03:58]} Nf6 {[%emt 0:07:53]} 12. Qb1 {[%emt 0:02:42]} c5 {[%emt 0:09:03]} 13. axb5 {[%emt 0:01:53]} cxd4 {[%emt 0:02:52]} 14. Nxc4 {[%emt 0:15:52]} O-O {[%emt 0:08:55]} 15. Na5 {[%emt 0:04:31]} Qc8 {[%emt 0:18:39]} 16. cxd4 {[%emt 0:03:29]} axb5 {[%emt 0:01:55]} 17. O-O {[%emt 0:00:18]} Ba6 {[%emt 0:12:13]} 18. Bg5 {[%emt 0:14:29]} Ra7 {[%emt 0:03:18]} 19. Bxf6 {[%emt 0:04:03]} gxf6 {[%emt 0:00:08]} 20. d5 {[%emt 0:00:13]} Rc7 {[%emt 0:07:24]} 21. Bh3 {[%emt 0:01:22]} Re8 {[%emt 0:02:16]} 22. Rd1 {[%emt 0:03:46]} Kg7 {[%emt 0:05:53]} 23. Ra2 {[%emt 0:03:31]} Rc3 {[%emt 0:01:20]} 24. Nb3 {[%emt 0:07:26]} Qc4 {[%emt 0:06:09]} 25. Nd4 {[%emt 0:00:34]} exd5 {[%emt 0:01:37]} 26. Nf5+ {[%emt 0:02:58]} Kh8 {[%emt 0:00:41]} 27. Nd6 {[%emt 0:00:23]} Qc6 {[%emt 0:01:05]} 28. Nxe8 {[%emt 0:00:10]} Qxe8 {[%emt 0:00:34]} 29. exd5 {[%emt 0:00:26]} 1-0

[Event "Mitropa Cup Women 2019"]
[Site "Radenci"]
[Date "2019.06.02"]
[Round "7.6"]
[White "Ferkova, Dominika"]
[Black "Janzelj, Lara"]
[Result "0-1"]
[WhiteElo "2037"]
[BlackElo "2203"]
[Annotator "ChessBase"]
[PlyCount "122"]
[EventDate "2019.05.27"]
[EventType "team-tourn"]
[EventCountry "SLO"]
[SourceTitle "playchess.com"]
[Source "ChessBase"]
[SourceQuality "1"]
[WhiteTeam "Slovakia"]
[BlackTeam "Slovenia"]
[WhiteTeamCountry "SVK"]
[BlackTeamCountry "SLO"]
[TimeControl "40/5400+30:1800+30"]

1. d4 {[%emt 0:00:00]} d5 {[%emt 0:00:00]} 2. c4 {[%emt 0:00:00]} c6 {[%emt 0:00:00]} 3. Nf3 {[%emt 0:00:00]} Nf6 {[%emt 0:00:00]} 4. Nc3 {[%emt 0:00:06]} dxc4 {[%emt 0:00:00]} 5. a4 {[%emt 0:00:17]} Bf5 {[%emt 0:00:00]} 6. e3 {[%emt 0:00:11]} e6 {[%emt 0:00:04]} 7. Bxc4 {[%emt 0:00:16]} Bb4 {[%emt 0:00:04]} 8. O-O {[%emt 0:00:12]} O-O {[%emt 0:00:04]} 9. Qe2 {[%emt 0:00:10]} Bg4 {[%emt 0:00:05]} 10. Rd1 {[%emt 0:01:52]} Qa5 {[%emt 0:00:07]} 11. Bd2 {[%emt 0:19:52]} Qh5 {[%emt 0:00:54]} 12. e4 {[%emt 0:09:02]} c5 {[%emt 0:05:28]} 13. d5 {[%emt 0:19:55]} exd5 {[%emt 0:00:15]} 14. Nxd5 {[%emt 0:01:18]} Nxd5 {[%emt 0:00:11]} 15. Bxd5 {[%emt 0:00:43]} Nc6 {[%emt 0:00:54]} 16. Bxc6 {[%emt 0:03:08]} bxc6 {[%emt 0:00:03]} 17. Rac1 {[%emt 0:10:35]} Rac8 {[%emt 0:13:04]} 18. Bf4 {[%emt 0:05:19]} Rfe8 {[%emt 0:01:52]} 19. Qd3 {[%emt 0:09:23]} h6 {[%emt 0:01:42]} 20. h3 {[%emt 0:01:12]} Be6 {[%emt 0:02:16]} 21. Ne5 {[%emt 0:04:02]} Qh4 {[%emt 0:05:50]} 22. Qg3 {[%emt 0:05:56]} Qxg3 {[%emt 0:08:17]} 23. Bxg3 {[%emt 0:00:02]} Bb3 {[%emt 0:00:53]} 24. Rd7 {[%emt 0:01:04]} a5 {[%emt 0:00:52]} 25. Nd3 {[%emt 0:04:31]} Bd2 {[%emt 0:08:23]} 26. Ra1 {[%emt 0:01:03]} c4 {[%emt 0:02:23]} 27. Nc5 {[%emt 0:01:24]} Bb4 {[%emt 0:02:29]} 28. Nxb3 {[%emt 0:00:04]} cxb3 {[%emt 0:00:03]} 29. Rd3 {[%emt 0:00:58]} Rxe4 {[%emt 0:00:04]} 30. Rxb3 {[%emt 0:00:09]} Re2 {[%emt 0:00:55]} 31. Rb1 {[%emt 0:01:34]} c5 {[%emt 0:00:51]} 32. Bf4 {[%emt 0:00:53]} Re4 {[%emt 0:01:37]} 33. Bg3 {[%emt 0:00:37]} Rd8 {[%emt 0:00:35]} 34. Rc1 {[%emt 0:00:31]} Rd2 {[%emt 0:00:42]} 35. Kf1 {[%emt 0:00:35]} h5 {[%emt 0:00:42]} 36. Re3 {[%emt 0:00:26]} Rxe3 {[%emt 0:02:55]} 37. fxe3 {[%emt 0:00:01]} Rxb2 {[%emt 0:01:36]} 38. Bd6 {[%emt 0:00:37]} c4 {[%emt 0:00:10]} 39. Be5 {[%emt 0:00:05]} Rb3 {[%emt 0:00:12]} 40. Rxc4 {[%emt 0:00:00]} Rxe3 {[%emt 0:00:00]} 41. Bb2 {[%emt 0:11:05]} Rb3 {[%emt 0:01:43]} 42. Rc8+ {[%emt 0:00:28]} Kh7 {[%emt 0:00:24]} 43. Rc2 {[%emt 0:00:15]} Kg6 {[%emt 0:00:21]} 44. Ke2 {[%emt 0:02:34]} f6 {[%emt 0:00:21]} 45. Bc1 {[%emt 0:01:33]} Rb1 {[%emt 0:05:39]} 46. Bb2 {[%emt 0:00:51]} Kf5 {[%emt 0:01:46]} 47. Kf3 {[%emt 0:06:01]} h4 {[%emt 0:02:14]} 48. Ke2 {[%emt 0:02:16]} Ke4 {[%emt 0:02:24]} 49. Rc4+ {[%emt 0:00:12]} Kd5 {[%emt 0:00:07]} 50. Rc2 {[%emt 0:00:07]} Re1+ {[%emt 0:02:55]} 51. Kf3 {[%emt 0:01:52]} Rb1 {[%emt 0:01:40]} 52. Ke2 {[%emt 0:02:33]} Ke6 {[%emt 0:01:16]} 53. Rc6+ {[%emt 0:01:31]} Kf5 {[%emt 0:00:16]} 54. Rc2 {[%emt 0:00:09]} g5 {[%emt 0:01:39]} 55. Kd3 {[%emt 0:02:06]} Kg6 {[%emt 0:00:39]} 56. Ke2 {[%emt 0:03:55]} f5 {[%emt 0:01:26]} 57. Kf3 {[%emt 0:02:01]} Kh5 {[%emt 0:00:26]} 58. g3 {[%emt 0:00:12]} hxg3 {[%emt 0:02:10]} 59. Kxg3 {[%emt 0:00:02]} Rd1 {[%emt 0:00:47]} 60. Bc1 {[%emt 0:00:34]} Rd4 {[%emt 0:01:01]} 61. Be3 {[%emt 0:00:43]} f4+ {[%emt 0:00:09]} 0-1

[Event "Mitropa Cup Women 2019"]
[Site "Radenci"]
[Date "2019.06.02"]
[Round "7.7"]
[White "Urh, Zala"]
[Black "Sankova, Stella"]
[Result "1/2-1/2"]
[WhiteElo "2099"]
[BlackElo "2013"]
[Annotator "NA"]
[PlyCount "66"]
[EventDate "2019.05.27"]
[EventType "team-tourn"]
[EventCountry "SLO"]
[SourceTitle "playchess.com"]
[Source "ChessBase"]
[SourceQuality "1"]
[WhiteTeam "Slovenia"]
[BlackTeam "Slovakia"]
[WhiteTeamCountry "SLO"]
[BlackTeamCountry "SVK"]
[TimeControl "40/5400+30:1800+30"]

1. d4 {[%emt 0:00:00]} Nf6 {[%emt 0:00:00]} 2. c4 {[%emt 0:00:00]} e6 {[%emt 0:00:00]} 3. Nf3 {[%emt 0:00:00]} d5 {[%emt 0:00:00]} 4. Nc3 {[%emt 0:00:56]} Bb4 {[%emt 0:00:00]} 5. Qb3 {[%emt 0:00:09]} Nc6 {[%emt 0:01:11]} 6. e3 {[%emt 0:03:01]} O-O {[%emt 0:08:09]} 7. a3 {[%emt 0:01:27]} dxc4 {[%emt 0:02:13]} 8. Bxc4 {[%emt 0:01:45]} Bd6 {[%emt 0:00:06]} 9. Be2 {[%emt 0:03:11]} e5 {[%emt 0:08:18]} 10. dxe5 {[%emt 0:03:00]} Nxe5 {[%emt 0:00:30]} 11. O-O {[%emt 0:00:22]} c6 {[%emt 0:05:08]} 12. Rd1 {[%emt 0:03:12]} Qe7 {[%emt 0:06:59]} 13. Qc2 {[%emt 0:11:11]} Nxf3+ {[%emt 0:18:20]} 14. Bxf3 {[%emt 0:00:14]} Bg4 {[%emt 0:00:53]} 15. Bxg4 {[%emt 0:08:31]} Nxg4 {[%emt 0:00:02]} 16. h3 {[%emt 0:01:23]} Nf6 {[%emt 0:01:17]} 17. Ne2 {[%emt 0:01:34]} Rad8 {[%emt 0:03:32]} 18. Bd2 {[%emt 0:02:47]} Qe5 {[%emt 0:06:07]} 19. Ng3 {[%emt 0:02:03]} Nd5 {[%emt 0:06:11]} 20. Be1 {[%emt 0:06:23]} Kh8 {[%emt 0:07:45]} 21. Rd3 {[%emt 0:02:38]} Qe6 {[%emt 0:03:19]} 22. Nf1 {[%emt 0:02:20]} Be5 {[%emt 0:04:19]} 23. Rad1 {[%emt 0:01:29]} f5 {[%emt 0:01:55]} 24. Nd2 {[%emt 0:03:12]} Bc7 {[%emt 0:03:22]} 25. Nf3 {[%emt 0:03:22]} Bb6 {[%emt 0:03:43]} 26. b4 {[%emt 0:04:56]} f4 {[%emt 0:05:11]} 27. exf4 {[%emt 0:12:51]} Rxf4 {[%emt 0:00:56]} 28. Bc3 {[%emt 0:05:06]} Rdf8 {[%emt 0:01:35]} 29. Bd4 {[%emt 0:03:10]} Qg6 {[%emt 0:01:13]} 30. Bxb6 {[%emt 0:02:11]} axb6 {[%emt 0:00:06]} 31. Re1 {[%emt 0:04:32]} b5 {[%emt 0:01:30]} 32. Rd2 {[%emt 0:02:49]} Qxc2 {[%emt 0:00:44]} 33. Rxc2 {[%emt 0:00:01]} Kg8 {[%emt 0:00:22]} 1/2-1/2